000 01333nam a2200433 a 4500
001 22968
003 SK-KTurca
005 20260513083012.0
008 151112s2008 xo o g 001 0 slo
015 _aSNBA2009/11-05433
020 _a9788089246892 (viaz.)
035 _aDA25A665-D3D4-45A8-A8C1-8849DD44004E
035 _aurn:nbn:sk:snk-amjvol
035 _aurn:nbn:sk:snk-am008442
040 _aSNK
_bslo
_cSNK
_eAACR2
041 1 _aslo
_hhun
044 _axo
_cSK
072 7 _a635
_xZáhradkárstvo
_2konspekt
080 _a635.91
_22001
080 _a(035)
_22001
080 _a(084.11)
_22001
130 0 _aNagy szobanövény lexikon
_lSlovensky
245 1 0 _aVeľký lexikón izbových rastlín
_cArpád Nagy ... [et al.] ; [z maďarského originálu preložil Radovan Vallach]
250 _a1. slov. vyd.
260 _aBratislava
_bSvojtka & Co.
_c2008
300 _a160 s.
_bfareb. fotogr.
_c34 cm
504 _aReg. slov. a lat. názvov
504 _aBibliogr. s. 155
650 0 7 _aizbové rastliny
_2SNKPH
655 7 _apríručky
_2SNKPH
655 7 _aobrazové publikácie
_2SNKPH
700 1 _aNagy, Arpád
_4aut
700 1 _aVallach, Radovan
_4trl
700 1 _aVáczi, Imre
_4aut
700 1 _aDede, Géza
_4aut
700 1 _aIllyés, Csaba
_4aut
942 _2ddc
_cOLDO
_n0
980 _a635.91
999 _c22968
_d22968